| 000 | 00395nam a22001457a 4500 | ||
|---|---|---|---|
| 008 | 130520b2007 ii ||||| |||| 001 0 eng d | ||
| 020 | _a8123911033 | ||
| 082 |
_222 _a646.72 _bVIM |
||
| 100 |
_aVimaladevi, M. _933245 |
||
| 245 |
_aTextbook of cosmetics / _cby M. Vimaladevi |
||
| 260 |
_aNew Delhi : _bCBS, _c2007. |
||
| 300 |
_a324 p. ; _c22 cm. |
||
| 653 |
_bPharmacy _cMay2013 |
||
| 942 |
_2ddc _cBB |
||
| 999 |
_c17478 _d17450 |
||